000 00692nab a2200157 4500
003 ES-SlBCS
005 20210327231243.0
008 160909s2015 bl ||||| |||| 00| 0 spa d
040 _aES-SlBCS
_bspa
100 1 _aCrespi, Leonardo Peluso
_9411235
245 1 0 _aReflexión en torno a la aplicación de herramientas para operar sobre las lenguas y el caso de la lengua de señas uruguaya (LSU)
_cLeonardo Peluso Crespi
246 1 1 _aReflection on the application of tools to work on languages and the case of Uruguayan sign language (LSU)
650 0 _aEscritura
_9108743
773 0 _gVol. 29, Nº Especial, 2015, págs. 301-329
_tEducaçao e Filosofia
_wRev1534
_x0102-6801
942 _2lcc
_cAR
999 _c858511
_d858511